|
|
|
|
| LEADER |
00000nam a22000007a 4500 |
| 005 |
20220425221634.0 |
| 007 |
cr|||| |||| |
| 008 |
220425s2022 br |||||s|||| 00||0 por d |
| 020 |
|
|
|a 978-65-5515-351-4
|
| 035 |
|
|
|a 36208
|
| 040 |
|
|
|a vLex
|
| 090 |
|
|
|c 13231
|d 13231
|
| 100 |
1 |
|
|a Spadaccini de Teff,̌ Chiara
|
| 245 |
1 |
0 |
|a Direito e Md̕ia
|h [Recurso electrn̤ico] /
|c Chiara Spadaccini de Teff,̌ Bruno Terra de Moraes, Anderson Schreiber
|
| 256 |
|
|
|a Servicio en ln̕ea
|
| 260 |
|
|
|a Indaiatuba:
|b Editora Foco,
|c 2022
|
| 300 |
|
|
|a 1 recurso electrn̤ico
|
| 506 |
1 |
|
|a Disponible solo en los productos indicados
|d vLex Global
|d vLex Global (Academic Edition, excluding Law Schools)
|d vLex Global (U.S. Academic Edition, Law Schools)
|d vLex Global (U.S. Academic Edition, excluding Law Schools)
|d vLex Global (Academic Edition, Law Schools)
|
| 650 |
0 |
4 |
|a Derecho de las Nuevas Tecnologa̕s
|z Brasil
|
| 700 |
1 |
|
|a Terra de Moraes, Bruno
|
| 700 |
1 |
|
|a Schreiber, Anderson
|
| 740 |
0 |
|
|a vLex Libros (Servicio en ln̕ea)
|
| 856 |
4 |
0 |
|u https://app.vlex.com/#/sources/36208
|z Acceso restringido
|
| 942 |
|
|
|c BOOK
|
| 999 |
0 |
|
|a Law of New Technologies
|